<?xml version="1.0" encoding="UTF-8"?>
<record
    xmlns:xsi="http://www.w3.org/2001/XMLSchema-instance"
    xsi:schemaLocation="http://www.loc.gov/MARC21/slim http://www.loc.gov/standards/marcxml/schema/MARC21slim.xsd"
    xmlns="http://www.loc.gov/MARC21/slim">

  <leader>01618    a2200205   4500</leader>
  <controlfield tag="001">63974</controlfield>
  <controlfield tag="005">20260521160827.0</controlfield>
  <controlfield tag="008">260521a1979    arg                 spa d</controlfield>
  <controlfield tag="003">AR-UNSa-BCEJYS</controlfield>
  <datafield tag="040" ind1=" " ind2=" ">
    <subfield code="a">AR-UNSa-BCEJYS</subfield>
    <subfield code="b">spa</subfield>
    <subfield code="c">AR-UNSa-BCEJYS</subfield>
  </datafield>
  <datafield tag="080" ind1=" " ind2=" ">
    <subfield code="a">378</subfield>
    <subfield code="x">Ense&#xF1;anza superior. Universidades. Escuelas especiales</subfield>
  </datafield>
  <datafield tag="245" ind1="1" ind2="0">
    <subfield code="a">Proyectos de Educaci&#xF3;n Superior</subfield>
    <subfield code="p">Planificaci&#xF3;n e implementaci&#xF3;n</subfield>
  </datafield>
  <datafield tag="264" ind1=" " ind2="1">
    <subfield code="a">M&#xE9;xico :</subfield>
    <subfield code="b">Limusa</subfield>
    <subfield code="c">1979</subfield>
  </datafield>
  <datafield tag="300" ind1=" " ind2=" ">
    <subfield code="a">180 p.</subfield>
    <subfield code="c">23 cm.</subfield>
  </datafield>
  <datafield tag="505" ind1=" " ind2=" ">
    <subfield code="a">1. Fundamentos de la administraci&#xF3;n de proyectos &#x2013; 2. Caracterizaci&#xF3;n sistem&#xE1;tica de la educaci&#xF3;n &#x2013; 3. Planificaci&#xF3;n econ&#xF3;mica de la educaci&#xF3;n &#x2013; 4. Gerencia de proyectos &#x2013; 5. Elementos b&#xE1;sicos de la administraci&#xF3;n de proyectos como sistema del sector de la educaci&#xF3;n superior &#x2013; 6. Detalles del proyecto &#x2013; 7. An&#xE1;lisis previo de los procedimientos de ejecuci&#xF3;n &#x2013; 8. Organizaci&#xF3;n de la ejecuci&#xF3;n &#x2013; 9. Din&#xE1;mica de la ejecuci&#xF3;n &#x2013; 10. Metodolog&#xED;a del control integrado de obras &#x2013; 11. Ejecuci&#xF3;n &#x2013; 12. Gerencia, por Diego Bara&#xF1;ano &#x2013; 13. Planificaci&#xF3;n, programaci&#xF3;n y control: plan de renovaci&#xF3;n del equipo de las universidades, por Abraao Oigman y Adolfo Leivovitch &#x2013; 14. Recursos humanos, por Diego Bara&#xF1;ano &#x2013; 15. Recursos materiales, por Carlos Alberto Milone e Sinval de Olivera Filho &#x2013; 16. Recursos financieros, por Claudio Salgado &#x2013; 17 Informaci&#xF3;n y control por Colbert Demaria Boiteux &#x2013; 18. Planificaci&#xF3;n, programaci&#xF3;n y control &#x2013;  </subfield>
  </datafield>
  <datafield tag="041" ind1=" " ind2=" ">
    <subfield code="a">spa</subfield>
  </datafield>
  <datafield tag="942" ind1=" " ind2=" ">
    <subfield code="c">BK</subfield>
  </datafield>
  <datafield tag="590" ind1=" " ind2=" ">
    <subfield code="a">niveau_biblio:m niveau_hierar:0</subfield>
  </datafield>
  <datafield tag="100" ind1="1" ind2=" ">
    <subfield code="a">Banco Interamericano de Desarrollo (BID)</subfield>
  </datafield>
  <datafield tag="999" ind1=" " ind2=" ">
    <subfield code="c">36452</subfield>
    <subfield code="d">36452</subfield>
  </datafield>
  <datafield tag="952" ind1=" " ind2=" ">
    <subfield code="0">0</subfield>
    <subfield code="1">0</subfield>
    <subfield code="4">0</subfield>
    <subfield code="7">0</subfield>
    <subfield code="a">BCEJYS</subfield>
    <subfield code="b">BCEJYS</subfield>
    <subfield code="c">16</subfield>
    <subfield code="d">2026-05-21</subfield>
    <subfield code="l">0</subfield>
    <subfield code="o">378 B213 v.5</subfield>
    <subfield code="p">L39074</subfield>
    <subfield code="r">2026-05-21 16:08:27</subfield>
    <subfield code="w">2026-05-21</subfield>
    <subfield code="y">L</subfield>
  </datafield>
</record>
